Bohemian Rhapsody or Stairway to Heaven? - Click Quiz - Statistics

General Stats
  • This quiz has been taken 18 times
  • The average score is 29 of 30
Answer Stats
Hint Answer % Correct
Is this the real life? Is this just fantasy? Bohemian Rhapsody
100%
Mama, just killed a man Bohemian Rhapsody
100%
Put a gun against his head, pulled my trigger, now he's dead Bohemian Rhapsody
100%
(Galileo) Galileo, (Galileo) Galileo, Galileo Figaro, magnifico Bohemian Rhapsody
100%
Nothing really matters, anyone can see Bohemian Rhapsody
100%
Easy come, easy go, will you let me go? Bohemian Rhapsody
100%
He's just a poor boy from a poor family Bohemian Rhapsody
100%
Spare him his life from this monstrosity Bohemian Rhapsody
100%
I sometimes wish I'd never been born at all Bohemian Rhapsody
100%
And as we wind on down the road Stairway to Heaven
100%
There's a sign on the wall, but she wants to be sure Stairway to Heaven
100%
In a tree by the brook, there's a songbird who sings Stairway to Heaven
100%
There's a feeling I get when I look to the West Stairway to Heaven
100%
In my thoughts I have seen rings of smoke through the trees Stairway to Heaven
100%
Sometimes all of our thoughts are misgiven Stairway to Heaven
100%
If there's a bustle in your hedgerow, don't be alarmed now Stairway to Heaven
100%
Yes, there are two paths you can go by, but in the long run Stairway to Heaven
100%
There's still time to change the road you're on Stairway to Heaven
100%
If I'm not back again this time tomorrow Bohemian Rhapsody
94%
Open your eyes, look up to the skies and see Bohemian Rhapsody
94%
Caught in a landslide, no escape from reality Bohemian Rhapsody
94%
There's a lady who's sure all that glitters is gold Stairway to Heaven
94%
Your head is humming, and it won't go, in case you don't know Stairway to Heaven
94%
Ooh, makes me wonder Stairway to Heaven
94%
Too late, my time has come Bohemian Rhapsody
88%
So you think you can love me and leave me to die? Bohemian Rhapsody
88%
Our shadows taller than our soul Stairway to Heaven
88%
And it's whispered that soon if we all call the tune Stairway to Heaven
88%
Gotta leave you all behind and face the truth Bohemian Rhapsody
82%
When all are one, and one is all Stairway to Heaven
82%
No matching quizzes found
Score Distribution
Percent of People with Each Score
Percentile by Number Answered
Your Score History
You have not taken this quiz